000 00644nam a2200241Ia 4500
003 OSt
005 20220918185555.0
006 a|||||r|||| 00| 0
007 ta
008 220917b |||||||| |||| 00| 0 eng d
024 _a51,558
037 _cTextual
040 _aARTS
_cARTS
_beng
041 _2eng
_aeng
082 _aP111,35, L0
100 _aGreenbaum S
_969477
245 0 _aVerb intensifier collection in English
_b An experimental approach
260 _aParis
_bmouton
_c1970
300 _a96p.
_ccm.
650 _aLINGUISTICS
942 _hP111,35, L0
_cTEXL
_2CC
999 _c181151
_d181151